Normal view
MARC view
- Philpot and Lesley Curnick تاليف;Liz and John Soars محرر
Entry Personal Name
001 - CONTROL NUMBER
- control field: 3472
003 - CONTROL NUMBER IDENTIFIER
- control field: JO-AjAnu
005 - DATE AND TIME OF LATEST TRANSACTION
- control field: 20230606070855.0
008 - FIXED-LENGTH DATA ELEMENTS
- fixed length control field: 230606|| aca||aabn | a|a d
040 ## - CATALOGING SOURCE
- Original cataloging agency: JO-AjAnu
- Transcribing agency: JO-AjAnu
100 ## - HEADING--PERSONAL NAME
- Personal name: Philpot and Lesley Curnick تاليف;Liz and John Soars محرر
670 ## - SOURCE DATA FOUND
- Source citation: Work cat.: (JO-AjAnu)1812: Philpot and Lesley Curnick تاليف;Liz and John Soars محرر, author, New Headway :Academic Skills reading,writing,and study skills Level 3